Justice, law, and argument essays on moral and legal reasoning

Gespeichert in:
Bibliographische Detailangaben
1. Verfasser: Perelman, Chaim
Format: Buch
Sprache:Englisch
Veröffentlicht: Dordrecht Reidel Pub. Co. 1980
Schriftenreihe:Studies in epistemology, logic, methodology, and philosophy of science vol. 142
Tags: Tag hinzufügen
Keine Tags, Fügen Sie das erste Tag hinzu!

MARC

LEADER 00000nam a2200000 4500
001 c142487
005 20150325105550.8
041 0 |a eng 
044 |a NL 
245 1 0 |a Justice, law, and argument  |b essays on moral and legal reasoning  |c Chaim Perelman 
264 1 |a Dordrecht  |b Reidel Pub. Co.  |c 1980 
300 |a 181 s. 
490 1 |a Studies in epistemology, logic, methodology, and philosophy of science  |v vol. 142 
830 0 |a Studies in epistemology, logic, methodology, and philosophy of science  |v vol. 142 
100 1 |a Perelman, Chaim